| 000 | 00772nam a2200205 a 4500 | ||
|---|---|---|---|
| 003 | 0 | ||
| 005 | 20250310163020.0 | ||
| 008 | 080827s19uu xx 00 eng d | ||
| 050 |
_aPGS QR 188.3.L5 _b.K49 2008 |
||
| 100 | _aKim, Park Hyun Ji. | ||
| 245 |
_aThe effect of lactase in the carbon dioxide production of the yeast in milk / _cPark Hyun Ji Kim. |
||
| 260 |
_aLas PiƱas City, Philippines : _bSouthville International School and Colleges, _c2008. |
||
| 300 |
_a25 pages : _billustrations ; _c28 cm. |
||
| 504 | _aIncludes bibliographical references. | ||
| 650 |
_aYeasts _vGrowth and fermentation. |
||
| 650 |
_aMilk _vFermentation. |
||
| 650 |
_aLactase _vEnzymatic effects. |
||
| 650 |
_aCarbon dioxide _vMicrobial production. |
||
| 942 |
_2lcc _cPASS |
||
| 999 |
_c98042 _d98042 |
||